Llei 2/2004, de 4 de juny, de millora de barris, àrees urbanes i viles que requereixen una atenció especial / presentació i edició a cura del lletrat Xavier Muro i Bas
Descripción Física:
20 p. ; 21 cm
Colección:
Textos legislatius ; 45
Otros Autores:
Muro i Bas, Xavier, ed
MARC
| LEADER | 00000nam a2200000Ia 4500 | ||
|---|---|---|---|
| 001 | 18280 | ||
| 008 | 160829s2006 xx 000 0 cat d | ||
| 080 | |a FU-50-7 | ||
| 100 | |a Catalunya. Llei de millora de barris, àrees urbanes i viles que requereixen una atenció especial (2004) |9 37933 | ||
| 245 | |a Llei 2/2004, de 4 de juny, de millora de barris, àrees urbanes i viles que requereixen una atenció especial / presentació i edició a cura del lletrat Xavier Muro i Bas | ||
| 250 | |a Ed. no venal | ||
| 260 | |a Barcelona : |b Parlament de Catalunya, |c 2006 | ||
| 300 | |a 20 p. ; |c 21 cm | ||
| 490 | |a Textos legislatius ; 45 | ||
| 650 | |a Rehabilitació urbana |x Dret i legislació |x Catalunya |9 37934 | ||
| 650 | |a Urbanisme |x Dret i legislació |x Catalunya |9 31901 | ||
| 700 | |a Muro i Bas, Xavier, ed. |9 26913 | ||
| 710 | 1 | |a Catalunya. |b Parlament |e entitat editora |9 11492 | |
| 901 | |a Arxiu | ||
| 942 | |n 1 |2 udc | ||
| 952 | |0 0 |1 0 |4 0 |6 FU507 |7 1 |9 48158 |a Arxiu |b Arxiu |d 2016-12-01 |l 0 |o FU-50-7 |p 18280 |r 2016-12-01 00:00:00 |w 2016-12-01 |y ARXIU | ||
| 999 | |c 51961 |d 51961 | ||